|
|
|
|
| LEADER |
00964nam a2200277 i 4500 |
| 001 |
AAL 714 |
| 003 |
BD-DhAAL |
| 005 |
20160209170856.0 |
| 008 |
150203s1981 ilua b 001 0 eng |
| 010 |
|
|
|a 80068038
|
| 020 |
|
|
|a 0256025452 (pbk.)
|
| 040 |
|
|
|a DLC
|c DLC
|d DLC
|d BD-DhAAL
|
| 050 |
0 |
0 |
|a JA83
|b .S34 1981
|
| 082 |
0 |
0 |
|a 320.5
|2 19
|
| 100 |
1 |
|
|a Sargent, Lyman Tower,
|d 1940-
|9 7856
|
| 245 |
1 |
0 |
|a Contemporary political ideologies :
|b a comparative analysis /
|c Lyman Tower Sargent.
|
| 250 |
|
|
|a 5th ed.
|
| 260 |
|
|
|a Homewood, Ill. :
|b Dorsey Press,
|c 1981.
|
| 300 |
|
|
|a viii, 199 p. :
|b ill. ;
|c 23 cm.
|
| 490 |
0 |
|
|a The Dorsey series in political science
|
| 504 |
|
|
|a Includes bibliographies and index.
|
| 541 |
|
|
|e 714
|
| 650 |
|
0 |
|a Political science
|x History.
|9 7764
|
| 942 |
|
|
|2 ddc
|c BK
|
| 999 |
|
|
|c 33561
|d 33561
|
| 952 |
|
|
|0 0
|1 0
|2 ddc
|4 0
|6 320_500000000000000_SAR
|7 0
|9 52429
|a SCL
|b SCL
|c GEN
|d 2015-02-03
|l 0
|o 320.5 SAR
|p 3020000714
|r 2015-02-03
|t 1
|w 2015-02-03
|y BK
|